000 004740000a22001930004500
001 001936
003 MACL
005 20150823150546.0
008 150823b xxu||||| |||| 00| 0 eng d
040 _aMACL
_cMACL
041 _aEnglish
082 _a658.848/BAS
100 _aBasotia, G.R.
_93915
245 _aExport Mangement
_cG.R. Basotia
260 _aNew Delhi
_c2002
_bMangal Deep Publishers,
350 _a290
650 _aManagement
_97112
942 _k659
_cBK
_2ddc
999 _c13852
_d13852